Cấu tạo nguyên tử và liên kết hoá học T.1
TM tr.296; Khái quát về nguyên tử vật lí kinh điển và mẫu nguyên tử Rutherford. Các thuyết lượng tử năng lượng, lượng tử ánh sáng và thuyết nguyên tử Bolir-Sommerfeld. Cơ học lượng tử và cấu tạo nguyên tử...
Uloženo v:
| Hlavní autor: | |
|---|---|
| Médium: | Kniha |
| Jazyk: | Undetermined |
| Vydáno: |
H.
Giáo dục Việt Nam
2016
|
| Témata: | |
| On-line přístup: | http://lrc.tdmu.edu.vn/opac/search/detail.asp?aID=2&ID=33200 |
| Tagy: |
Přidat tag
Žádné tagy, Buďte první, kdo otaguje tento záznam!
|
| Thư viện lưu trữ: | Trung tâm Học liệu Trường Đại học Thủ Dầu Một |
|---|
| LEADER | 01023nam a2200217Ia 4500 | ||
|---|---|---|---|
| 001 | TDMU_33200 | ||
| 008 | 210410s9999 xx 000 0 und d | ||
| 082 | |a 005.369 | ||
| 090 | |b Đ108 | ||
| 100 | |a Đào, Đình Thức | ||
| 245 | 0 | |a Cấu tạo nguyên tử và liên kết hoá học | |
| 245 | 0 | |c Đào Đình Thức | |
| 245 | 0 | |n T.1 | |
| 260 | |a H. | ||
| 260 | |b Giáo dục Việt Nam | ||
| 260 | |c 2016 | ||
| 300 | |a 303tr. | ||
| 520 | |a TM tr.296; Khái quát về nguyên tử vật lí kinh điển và mẫu nguyên tử Rutherford. Các thuyết lượng tử năng lượng, lượng tử ánh sáng và thuyết nguyên tử Bolir-Sommerfeld. Cơ học lượng tử và cấu tạo nguyên tử | ||
| 650 | |a Hóa học |x Cấu tạo nguyên tử; Liên kết hóa học | ||
| 856 | |u http://lrc.tdmu.edu.vn/opac/search/detail.asp?aID=2&ID=33200 | ||
| 980 | |a Trung tâm Học liệu Trường Đại học Thủ Dầu Một | ||